000 00641nam a2200181 i 4500
001 42988
003 ES-MaACL
005 20230906160719.0
007 t|
008 030314s1971 sp ||||1| spa d
100 1 _aCencillo, Luis.
_937397
245 1 0 _aCurso de filosofía fundamental... /
_cLuis Cencillo.
260 _aMadrid :
_bUniversidad, Seminario de Historia de los Sistemas Filosóficos :
_bRaycar,
_c1971.
300 _av. ;
_c24 cm.
505 8 _aContiene: T. I: Tratado de las realidades
710 2 _aUniversidad de Madrid.
_bSeminario de Historia de los Sistemas Filosóficos.
_97217
852 _aES-MaACL
_jP-1600
_bR.74943
999 _c42988
_d42988